| 000 | 00945nam a2200217 i 4500 | ||
|---|---|---|---|
| 001 | 38010 | ||
| 003 | ES-MaACL | ||
| 005 | 20250929063106.0 | ||
| 007 | t| | ||
| 008 | 030224s1844 fr ||||1| fre d | ||
| 100 | 1 |
_aCabanis, Pierre-Jean-Georges, _d1757-1808 _9154489 |
|
| 245 | 1 | 0 |
_aRapports du physique et du moral de l'homme et lettre sur les causes premières / _cpar P. J. G. Cabanis ... : avec une table analytique par Destutt de Tracy. |
| 250 | _a8e éd., augm. de notes et précédée d'une notice historique et philosophique sur la vie, les travaux et les doctrines de Cabanis par L. Peisse. | ||
| 260 |
_aParís : _bJ.B. Baillière, _c1844 ( _fImp. Crapelet) |
||
| 300 |
_aLXVIII, 712 p. ; _c23 cm. |
||
| 650 | 0 | 4 |
_aMente y cuerpo. _914993 |
| 700 | 1 |
_aPeisse, Louis ( _d1803-1880) _9154490 |
|
| 700 | 1 |
_aDestutt de Tracy, Antoine-Louis-Claude, _d1754-1836 _9126781 |
|
| 852 |
_aES-MaACL _jF-1761 |
||
| 999 |
_c38010 _d38010 |
||